[Event "43rd OKU 2016"]
[Site "Utrecht NED"]
[Date "2016.06.03"]
[Round "1.1"]
[White "Van Foreest, Jorden"]
[Black "Galje, Hans"]
[Result "1-0"]
[WhiteTitle "GM"]
[WhiteElo "2578"]
[BlackElo "2107"]
[WhiteFideId "1039784"]
[BlackFideId "1003240"]
[EventDate "2016.06.03"]

1. e4 e6 2. d4 d5 3. Nc3 Bb4 4. e5 c5 5. a3 Bxc3+ 6. bxc3 Ne7 7. Qg4 Qc7 8. Bd3
cxd4 9. Ne2 dxc3 10. Qxg7 Rg8 11. Qxh7 Qxe5 12. h4 Nbc6 13. Bf4 Qh8 14. Qxh8
Rxh8 15. Nxc3 e5 16. Bg5 Be6 17. Bf6 Rg8 18. h5 e4 19. Bb5 Kd7 20. h6 Ng6 21. h7
Rge8 22. O-O-O Bg4 23. Rxd5+ Ke6 24. Bg7 f6 25. Bc4 Nce5 26. Bb3 Ke7 27. Nxe4
Nd7 28. Re1 Be6 29. Rxd7+ Bxd7 30. Nxf6+ Kd8 31. Nxe8 Bxe8 32. h8=Q 1-0

[Event "43rd OKU 2016"]
[Site "Utrecht NED"]
[Date "2016.06.03"]
[Round "1.2"]
[White "Kokje, Joris"]
[Black "Ernst, Sipke"]
[Result "0-1"]
[BlackTitle "GM"]
[WhiteElo "2164"]
[BlackElo "2535"]
[WhiteFideId "1051024"]
[BlackFideId "1004689"]
[EventDate "2016.06.03"]

1. d4 d5 2. c4 c6 3. Nf3 Nf6 4. g3 dxc4 5. Bg2 e6 6. O-O b5 7. b3 cxb3 8. axb3
Nbd7 9. Qc2 Bb7 10. Rd1 Qb6 11. Ne5 Rc8 12. Nxd7 Nxd7 13. Be3 a6 14. d5 cxd5 15.
Qxc8+ Bxc8 16. Bxb6 Nxb6 17. e4 dxe4 18. Bxe4 Bb4 19. Nd2 Ke7 20. Nf3 f5 21. Bc6
Kf6 22. Rac1 g5 23. Ne1 Be7 24. Bf3 g4 25. Bg2 Rd8 26. Rxd8 Bxd8 27. Nd3 a5 28.
Rc5 a4 29. bxa4 bxa4 30. Ra5 Be7 31. Ne5 Bb4 32. Rb5 a3 33. Nd7+ Bxd7 34. Rxb6
Bc5 35. Ra6 Ke5 36. Ra8 h5 37. h3 gxh3 38. Bf3 Kd6 39. Bd1 Bc6 40. Ra6 Kc7 41.
Bb3 Bd5 42. Bxd5 exd5 43. Kh2 Kb7 44. Ra4 d4 45. Kxh3 d3 0-1

[Event "43rd OKU 2016"]
[Site "Utrecht NED"]
[Date "2016.06.03"]
[Round "1.4"]
[White "Verfuerth, Thomas"]
[Black "Ootes, Lars"]
[Result "0-1"]
[WhiteTitle "CM"]
[BlackTitle "IM"]
[WhiteElo "2152"]
[BlackElo "2422"]
[WhiteFideId "4677234"]
[BlackFideId "1019708"]
[EventDate "2016.06.03"]

1. c4 g6 2. Nc3 Bg7 3. g3 c5 4. Bg2 Nc6 5. e4 g5 6. d3 h6 7. h4 gxh4 8. Rxh4 Nf6
9. Nge2 d6 10. Nf4 Ne5 11. Nfd5 Qa5 12. Nxf6+ Bxf6 13. Rxh6 Rxh6 14. Bxh6 Bg4
15. Qc2 O-O-O 16. Bd2 Rh8 17. f4 Nf3+ 18. Bxf3 Bxf3 19. Kf2 Bg4 20. Kg2 Qd8 21.
Nd5 Bd4 22. Qa4 Rh2+ 0-1

[Event "43rd OKU 2016"]
[Site "Utrecht NED"]
[Date "2016.06.03"]
[Round "1.6"]
[White "Hylkema, Remco"]
[Black "Van Foreest, Lucas"]
[Result "0-1"]
[WhiteElo "1986"]
[BlackElo "2375"]
[WhiteFideId "1018302"]
[BlackFideId "1039792"]
[EventDate "2016.06.03"]

1. d4 Nf6 2. c4 e6 3. Nf3 d5 4. Nc3 c6 5. cxd5 exd5 6. Bg5 Be7 7. e3 Bf5 8. Bd3
Bxd3 9. Qxd3 Nbd7 10. O-O O-O 11. Rfd1 Ne4 12. Bxe7 Qxe7 13. a3 a5 14. Rac1 f5
15. Ne2 Rf6 16. Qb3 Rb8 17. Nf4 Rh6 18. Nd3 Kh8 19. Nfe5 Nxe5 20. Nxe5 Rf8 21.
g3 Kg8 22. f3 Ng5 23. Rc5 a4 24. Qxa4 Nxf3+ 25. Kg2 0-1

[Event "43rd OKU 2016"]
[Site "Utrecht NED"]
[Date "2016.06.03"]
[Round "1.7"]
[White "Beerdsen, Thomas"]
[Black "Brouwer, Timon"]
[Result "1-0"]
[WhiteTitle "FM"]
[WhiteElo "2396"]
[BlackElo "2011"]
[WhiteFideId "1030108"]
[BlackFideId "1054848"]
[EventDate "2016.06.03"]

1. e4 d5 2. exd5 Nf6 3. Bb5+ Nbd7 4. c4 a6 5. Ba4 b5 6. cxb5 Nxd5 7. Nc3 N5b6 8.
Bb3 e6 9. d4 axb5 10. Bf4 Ba6 11. Nge2 Nf6 12. a3 Bd6 13. Qd2 O-O 14. O-O c5 15.
dxc5 Bxc5 16. Qc2 Qe7 17. Bg5 Rac8 18. Qd3 Rfd8 19. Qg3 Bd6 20. f4 Nc4 21. Bxc4
Rxc4 22. Rfd1 Qa7+ 23. Kh1 Be7 24. Rxd8+ Bxd8 25. Rd1 Be7 26. Bh6 Nh5 27. Qg4 g6
28. Bg5 b4 29. axb4 Rxb4 30. Ng3 Nxg3+ 31. Qxg3 Rxb2 32. Ne4 Qc7 33. Bxe7 Qxe7
34. Qc3 Rb8 35. Nf6+ Kf8 36. Nd5 Rc8 1-0

[Event "43rd OKU 2016"]
[Site "Utrecht NED"]
[Date "2016.06.03"]
[Round "1.8"]
[White "Semeijn, Bram"]
[Black "Van Overdam, Julian"]
[Result "0-1"]
[WhiteElo "2043"]
[BlackElo "2351"]
[WhiteFideId "1033794"]
[BlackFideId "1015303"]
[EventDate "2016.06.03"]

1. d4 Nf6 2. c4 e6 3. Nc3 Bb4 4. Qc2 Nc6 5. Nf3 d6 6. a3 Bxc3+ 7. Qxc3 O-O 8.
Qc2 e5 9. d5 Ne7 10. e4 Nh5 11. Be2 Nf4 12. Bxf4 exf4 13. e5 dxe5 14. Nxe5 Nf5
15. Nf3 Qf6 16. Qc3 Qxc3+ 17. bxc3 Re8 18. Kd2 Nd6 19. Bd3 b6 20. Nd4 Ba6 21.
Nb5 Bxb5 22. cxb5 Nb7 23. Rhe1 Nc5 24. Bc2 Kf8 25. c4 a6 26. a4 Rxe1 27. Rxe1
axb5 28. axb5 g6 29. Kc3 f5 30. Rd1 Ke7 31. Rd4 f3 32. g3 Kd6 33. Kb2 Nd7 34.
Rf4 Ne5 35. Rd4 Kc5 36. Kc3 Ra3+ 37. Bb3 Rxb3+ 0-1

[Event "43rd OKU 2016"]
[Site "Utrecht NED"]
[Date "2016.06.04"]
[Round "2.1"]
[White "Smits, Mark"]
[Black "Van Foreest, Jorden"]
[Result "0-1"]
[WhiteTitle "FM"]
[BlackTitle "GM"]
[WhiteElo "2221"]
[BlackElo "2578"]
[WhiteFideId "1008110"]
[BlackFideId "1039784"]
[EventDate "2016.06.03"]

1. e4 c5 2. Nf3 d6 3. d4 cxd4 4. Nxd4 a6 5. Nc3 e6 6. Qe2 Nf6 7. Bg5 Be7 8. f4
h6 9. Bxf6 Bxf6 10. O-O-O Qc7 11. g3 Nc6 12. Nxc6 bxc6 13. Bg2 O-O 14. Qc4 Rb8
15. b3 c5 16. a3 Bd7 17. e5 dxe5 18. Ne4 Be7 19. fxe5 Bc6 20. Qc3 c4 21. Qxc4
Bxa3+ 22. Kb1 Qxe5 23. Qd4 Qxd4 24. Rxd4 Be7 25. Rd2 Rfc8 26. Rhd1 Bd5 27. Rxd5
exd5 28. Rxd5 Rd8 29. Ra5 Bb4 30. Rxa6 f5 31. c3 fxe4 32. cxb4 e3 33. Bf3 Rxb4
34. Kc2 Rbb8 35. Re6 Rbc8+ 36. Kb2 Re8 37. Rxe8+ Rxe8 38. Be2 Rd8 39. Kc3 Rd2
40. Bc4+ Kf8 0-1

[Event "43rd OKU 2016"]
[Site "Utrecht NED"]
[Date "2016.06.04"]
[Round "2.2"]
[White "Ernst, Sipke"]
[Black "Vrolijk, Liam"]
[Result "1-0"]
[WhiteTitle "GM"]
[WhiteElo "2535"]
[BlackElo "2213"]
[WhiteFideId "1004689"]
[BlackFideId "1048333"]
[EventDate "2016.06.03"]

1. g3 g6 2. Bg2 Bg7 3. d4 d6 4. Nc3 Nf6 5. e4 O-O 6. Nge2 e5 7. h3 exd4 8. Nxd4
Re8 9. O-O Na6 10. Re1 Nc5 11. Nb3 Nxb3 12. axb3 Bd7 13. Be3 Bc6 14. Bxa7 Nd7
15. Be3 Rxa1 16. Qxa1 Bxc3 17. bxc3 Bxe4 18. c4 Bxg2 19. Kxg2 Ne5 20. Bh6 Qd7
21. Qd1 Nc6 22. Qa1 Ne5 23. Qd4 f6 24. Qd5+ Nf7 25. Be3 c6 26. Qd4 Qf5 27. g4
Qe5 28. Qd3 Qe6 29. Bd2 Qd7 30. Rd1 f5 31. gxf5 Ne5 32. Qe4 gxf5 33. Qf4 Ng6 34.
Qg5 Qg7 35. Kf1 Qf7 36. Bc3 Re6 37. Rd3 f4 38. h4 Qe7 39. Qxe7 Nxe7 40. Rd4 f3
41. Rg4+ Rg6 42. Rf4 h5 43. Bf6 Nc8 44. Rxf3 Rg4 45. Rf5 Kf7 46. Bc3+ Ke6 47.
Rxh5 Ne7 48. Rh6+ Kd7 49. Rh7 Ke6 50. Bd2 b5 51. Rh6+ Kd7 52. cxb5 cxb5 53. Rh5
Ke6 54. Rh6+ Kd7 55. h5 Nf5 56. Rf6 Nd4 57. h6 Ke7 58. h7 Rh4 59. Rh6 1-0

[Event "43rd OKU 2016"]
[Site "Utrecht NED"]
[Date "2016.06.04"]
[Round "2.3"]
[White "Rosmuller, Anton"]
[Black "Horvath, Csaba"]
[Result "0-1"]
[BlackTitle "GM"]
[WhiteElo "2131"]
[BlackElo "2522"]
[WhiteFideId "1007270"]
[BlackFideId "700118"]
[EventDate "2016.06.03"]

1. d4 Nf6 2. c4 e6 3. Nh3 Bb4+ 4. Bd2 Qe7 5. e3 Bxd2+ 6. Nxd2 d6 7. Nf4 O-O 8.
Be2 c6 9. O-O e5 10. Nh5 Ne8 11. Re1 g6 12. Ng3 f5 13. Bf1 Be6 14. Qc2 Nd7 15.
Qc3 e4 16. f4 exf3 17. Nxf3 Nef6 18. e4 fxe4 19. Nxe4 Nxe4 20. Rxe4 Nf6 21. Ree1
Qd7 22. Ng5 Bf5 23. Bd3 Rae8 24. Qc2 Bxd3 25. Qxd3 Qg4 26. Rxe8 Rxe8 27. Nf3 Nh5
28. Kh1 Qxg2+ 29. Kxg2 Nf4+ 30. Kg3 Nxd3 31. b3 a5 32. h4 h6 33. Rd1 Re3 34. Kg2
Kg7 35. Ng1 Nf4+ 36. Kf2 Rd3 37. Re1 Kf6 38. Nf3 Rc3 39. Re8 Rc2+ 40. Kf1 Kf5
41. d5 Kg4 42. Ne1 Rxa2 43. dxc6 bxc6 44. Re4 Kf5 45. Rd4 d5 46. cxd5 cxd5 0-1

[Event "43rd OKU 2016"]
[Site "Utrecht NED"]
[Date "2016.06.04"]
[Round "2.4"]
[White "Ootes, Lars"]
[Black "Ijzermans, Cees"]
[Result "0-1"]
[WhiteTitle "IM"]
[WhiteElo "2422"]
[BlackElo "2081"]
[WhiteFideId "1019708"]
[BlackFideId "1027425"]
[EventDate "2016.06.03"]

1. e4 e5 2. Nf3 Nc6 3. Bb5 Bc5 4. O-O Nd4 5. Nxd4 Bxd4 6. c3 Bb6 7. d4 c6 8. Ba4
d6 9. Qd3 Qf6 10. Be3 Ne7 11. Nd2 O-O 12. Bc2 Ng6 13. dxe5 dxe5 14. Bxb6 axb6
15. Nc4 Nf4 16. Qf3 b5 17. Nb6 Nh3+ 18. Kh1 Qxf3 19. gxf3 Ra6 20. Nxc8 Rxc8 21.
Bb3 Rd8 22. Kg2 Nf4+ 23. Kg1 Nh3+ 24. Kg2 Nf4+ 25. Kh1 c5 26. Rfd1 Rad6 27. Rxd6
Rxd6 28. Rd1 Rxd1+ 29. Bxd1 Nd3 30. Be2 c4 31. b3 Nc1 32. Bf1 Nxa2 33. bxc4 bxc4
34. Bxc4 Nxc3 35. Kg1 Nb1 36. Bd5 b5 37. Kf1 Kf8 38. Ke1 Ke7 39. Bb3 f6 40. Kd1
Kd6 41. Bg8 h6 42. Kc2 Na3+ 43. Kb3 b4 44. Kxb4 Nc2+ 45. Kc3 Ne1 46. Bc4 Nxf3
47. h3 Ng5 48. Kd3 Nxh3 49. Ke3 Nf4 50. Bf7 h5 51. Kf3 Kc5 52. Be8 Kd4 53. Bd7
Kd3 54. Bf5 Kd2 55. Bd7 Ke1 56. Kg3 Kf1 57. Bb5+ Kg1 58. f3 g5 0-1

[Event "43rd OKU 2016"]
[Site "Utrecht NED"]
[Date "2016.06.04"]
[Round "2.5"]
[White "Sekandar, Kambiz"]
[Black "Peng, Zhaoqin"]
[Result "0-1"]
[BlackTitle "GM"]
[WhiteElo "2129"]
[BlackElo "2379"]
[WhiteFideId "11700939"]
[BlackFideId "1004786"]
[EventDate "2016.06.03"]

1. e4 e6 2. d4 d5 3. e5 c5 4. c3 Qb6 5. Nf3 Bd7 6. a3 a5 7. Be2 a4 8. O-O Nc6 9.
Ra2 Qb3 10. Ra1 Na5 11. Nbd2 Qxd1 12. Rxd1 b6 13. Nf1 Ne7 14. Ne3 Nec6 15. Rb1
cxd4 16. cxd4 Nb3 17. Nc2 Be7 18. Bd2 Na7 19. Na1 Nxa1 20. Rxa1 Bb5 21. Kf1 Kd7
22. Rac1 Rhc8 23. Ne1 Bc4 24. Bxc4 Rxc4 25. Rxc4 dxc4 26. Nc2 Nc6 27. Ne3 b5 28.
Bc3 f6 29. f4 fxe5 30. fxe5 Bg5 31. d5 Bxe3 32. dxc6+ Kxc6 33. Rd6+ Kc7 34. Rxe6
Bc5 0-1

[Event "43rd OKU 2016"]
[Site "Utrecht NED"]
[Date "2016.06.04"]
[Round "2.6"]
[White "Van Foreest, Lucas"]
[Black "Franssen, Jeroen"]
[Result "1-0"]
[WhiteElo "2375"]
[BlackElo "2156"]
[WhiteFideId "1039792"]
[BlackFideId "1032410"]
[EventDate "2016.06.03"]

1. e4 e5 2. Nf3 Nc6 3. Bb5 Nf6 4. O-O Nxe4 5. d4 Nd6 6. Bxc6 dxc6 7. dxe5 Nf5 8.
Qxd8+ Kxd8 9. h3 Be7 10. Nc3 h6 11. b3 Be6 12. Bb2 b6 13. g4 Nh4 14. Nxh4 Bxh4
15. f4 Kc8 16. f5 Bd7 17. Ne2 h5 18. e6 fxe6 19. Bxg7 Rg8 20. f6 Bxf6 21. Bxf6
hxg4 22. h4 Kb7 23. Ng3 a5 24. h5 Be8 25. a4 Bf7 26. Rad1 Be8 27. Kf2 c5 28. Ke3
Kc6 29. c4 Bf7 30. Rd2 Rae8 31. Be5 Re7 32. Rdf2 Be8 33. Rf8 1-0

[Event "43rd OKU 2016"]
[Site "Utrecht NED"]
[Date "2016.06.04"]
[Round "2.7"]
[White "Boutens, Lukas"]
[Black "Beerdsen, Thomas"]
[Result "0-1"]
[BlackTitle "FM"]
[WhiteElo "2199"]
[BlackElo "2396"]
[WhiteFideId "206288"]
[BlackFideId "1030108"]
[EventDate "2016.06.03"]

1. Nc3 c5 2. e4 g6 3. g3 Bg7 4. Bg2 Nc6 5. f4 d6 6. Nf3 Nf6 7. O-O O-O 8. d3 Rb8
9. h3 b5 10. Be3 b4 11. Ne2 Nd7 12. Qc1 Qa5 13. f5 Re8 14. Bh6 Bh8 15. fxg6 hxg6
16. Ng5 Nde5 17. Qf4 f6 18. Nf3 Bg7 19. Bxg7 Kxg7 20. g4 Nxf3+ 21. Qxf3 Nd4 22.
Nxd4 cxd4 23. Rae1 Qe5 24. Qf4 Be6 25. Qxe5 fxe5 26. Rf2 Rec8 27. Bf3 Rb6 28.
Kg2 Rbc6 29. Ree2 Bxa2 30. c3 bxc3 0-1

[Event "43rd OKU 2016"]
[Site "Utrecht NED"]
[Date "2016.06.04"]
[Round "2.8"]
[White "Van Overdam, Julian"]
[Black "De Groot, Pieter"]
[Result "1-0"]
[WhiteElo "2351"]
[BlackElo "2160"]
[WhiteFideId "1015303"]
[BlackFideId "1014498"]
[EventDate "2016.06.03"]

1. e4 e5 2. Nf3 Nc6 3. d4 exd4 4. Nxd4 Bc5 5. Nxc6 dxc6 6. Qxd8+ Kxd8 7. Bd3 Ne7
8. Nd2 a5 9. Nb3 Bb6 10. Bf4 Be6 11. Bg3 Kc8 12. O-O a4 13. Nd2 Bc5 14. Bc4 Bxc4
15. Nxc4 Re8 16. Ne5 f6 17. Nd3 Bd6 18. f4 Ng8 19. Rae1 Ra5 20. Re2 c5 21. c4
Rd8 22. Ne1 Bf8 23. Nc2 Ne7 24. Ree1 Ra6 25. Ne3 Re6 26. e5 fxe5 27. fxe5 Nc6
28. Nd5 Ne7 29. Rf7 c6 30. Nb6+ Kb8 31. Rxf8 1-0

[Event "43rd OKU 2016"]
[Site "Utrecht NED"]
[Date "2016.06.04"]
[Round "3.1"]
[White "Van Foreest, Jorden"]
[Black "Van Overdam, Julian"]
[Result "1-0"]
[WhiteTitle "GM"]
[WhiteElo "2578"]
[BlackElo "2351"]
[WhiteFideId "1039784"]
[BlackFideId "1015303"]
[EventDate "2016.06.03"]

1. e4 c5 2. Nf3 e6 3. d4 cxd4 4. Nxd4 Nf6 5. Nc3 d6 6. g4 h6 7. h4 Be7 8. Qf3
Nc6 9. Nxc6 bxc6 10. g5 Nd7 11. gxh6 gxh6 12. Bf4 e5 13. Be3 Nf6 14. Bh3 Bxh3
15. Rxh3 Qd7 16. O-O-O Rb8 17. Rg3 a5 18. Bc5 Qe6 19. Ba3 Kd8 20. Qe3 Rb7 21.
Qc5 Kc7 22. Qxa5+ Kb8 23. Rgd3 Ne8 24. Qa6 Kc7 25. Bb4 Qd7 26. Qa8 Qc8 27. Nd5+
Kd7 28. Qxc8+ Kxc8 29. Nxe7+ Rxe7 30. Bxd6 Nxd6 31. Rxd6 Kc7 32. Rf6 1-0

[Event "43rd OKU 2016"]
[Site "Utrecht NED"]
[Date "2016.06.04"]
[Round "3.2"]
[White "Balje, Jan"]
[Black "Ernst, Sipke"]
[Result "0-1"]
[BlackTitle "GM"]
[WhiteElo "2219"]
[BlackElo "2535"]
[WhiteFideId "1004085"]
[BlackFideId "1004689"]
[EventDate "2016.06.03"]

1. d4 d6 2. c4 e5 3. d5 g6 4. e4 Nd7 5. Nc3 Bg7 6. Bd3 Ne7 7. Be3 O-O 8. Qd2 f5
9. f3 Nf6 10. h3 c5 11. Nge2 f4 12. Bf2 Bd7 13. b4 b6 14. a4 Ne8 15. Qb2 Nc7 16.
Nb5 Na6 17. bxc5 Nxc5 18. Kd2 Nf5 19. Nec3 Ne3 20. g4 a6 21. Na3 Bxa4 22. Nxa4
Nxa4 23. Qb4 Nc5 24. Rhb1 Rb8 25. Nc2 Qc7 26. Be2 Bh6 27. h4 Nxg4 28. fxg4 f3+
29. g5 Nxe4+ 30. Ke3 fxe2 31. Kxe4 Rxf2 32. gxh6 Qf7 33. Ne1 Rc8 34. Qxb6 Qf4+
35. Kd3 Qxc4+ 36. Ke3 Qf4+ 37. Kd3 e4+ 38. Kd4 Qd2+ 39. Kxe4 Re8# 0-1

[Event "43rd OKU 2016"]
[Site "Utrecht NED"]
[Date "2016.06.04"]
[Round "3.3"]
[White "Horvath, Csaba"]
[Black "Schoppen, Casper"]
[Result "1-0"]
[WhiteTitle "GM"]
[WhiteElo "2522"]
[BlackElo "2298"]
[WhiteFideId "700118"]
[BlackFideId "1046730"]
[EventDate "2016.06.03"]

1. Nf3 d5 2. e3 g6 3. c4 c6 4. Nc3 Nf6 5. d4 Bg7 6. h3 O-O 7. Bd3 b6 8. O-O Bb7
9. Qe2 Nbd7 10. Rd1 e6 11. b3 Re8 12. Bb2 Qe7 13. Rac1 dxc4 14. Bxc4 Nd5 15. Ne4
Rac8 16. Ne5 Red8 17. Ba6 Bxa6 18. Qxa6 Nxe5 19. dxe5 Nb4 20. Qc4 b5 21. Rxd8+
Rxd8 22. Qe2 Nd3 23. Rxc6 Nxb2 24. Qxb2 Qb7 25. Rd6 Rxd6 26. Nxd6 Qd5 27. Qd4
Qxe5 28. Qxe5 Bxe5 29. Nxb5 a6 30. Nd4 Bd6 31. f4 e5 32. fxe5 Bxe5 33. Kf2 f5
34. Ke2 Kf7 35. Kd3 Bg3 36. b4 Be1 37. a3 Kf6 38. e4 Bf2 39. exf5 gxf5 40. Nc6
Kg5 41. Ke2 Bg3 42. a4 Bc7 43. Ke3 Kf6 44. Kd4 Kg5 45. a5 Kf4 46. Kc5 Kg3 47. b5
axb5 48. a6 1-0

[Event "43rd OKU 2016"]
[Site "Utrecht NED"]
[Date "2016.06.04"]
[Round "3.4"]
[White "Peng, Zhaoqin"]
[Black "Otte, Marijn"]
[Result "1-0"]
[WhiteTitle "GM"]
[BlackTitle "FM"]
[WhiteElo "2379"]
[BlackElo "2223"]
[WhiteFideId "1004786"]
[BlackFideId "1013971"]
[EventDate "2016.06.03"]

1. d4 Nf6 2. Nf3 g6 3. c4 Bg7 4. Nc3 O-O 5. e4 c6 6. Bd3 d6 7. h3 Nbd7 8. Be3 e5
9. d5 Nc5 10. Bc2 cxd5 11. cxd5 a5 12. O-O Nh5 13. a3 Bd7 14. b4 axb4 15. axb4
Na6 16. Rb1 f5 17. Ba4 f4 18. Bb6 Bxa4 19. Nxa4 Qd7 20. Ba5 Qb5 21. Nb6 Ra7 22.
Qb3 Nf6 23. Rfe1 Nd7 24. Nc4 Rf6 25. Bd8 1-0

[Event "43rd OKU 2016"]
[Site "Utrecht NED"]
[Date "2016.06.04"]
[Round "3.5"]
[White "Ijzermans, Cees"]
[Black "Van Foreest, Lucas"]
[Result "1/2-1/2"]
[WhiteElo "2081"]
[BlackElo "2375"]
[WhiteFideId "1027425"]
[BlackFideId "1039792"]
[EventDate "2016.06.03"]

1. e4 e5 2. Nf3 Nc6 3. Nc3 Nf6 4. d4 exd4 5. Nxd4 Bb4 6. Nxc6 bxc6 7. Bd3 d5 8.
exd5 O-O 9. O-O cxd5 10. Na4 Bg4 11. f3 Bd7 12. c3 Bd6 13. Bg5 Qe8 14. Re1 Bxa4
15. Rxe8 Bxd1 16. Rxa8 Rxa8 17. Rxd1 c6 18. Bxf6 gxf6 19. g3 h6 20. Kf1 Re8 21.
Re1 Rxe1+ 22. Kxe1 Kf8 23. Ke2 Ke7 24. Bf5 Bc5 25. f4 Bb6 26. Kf3 Bg1 27. h4 Bb6
28. Bc8 a5 29. Bf5 a4 30. a3 d4 31. Bc2 dxc3 32. bxc3 Bc5 33. Bxa4 Kd7 34. Bb3
Bxa3 35. Bxf7 Bb2 36. c4 Ke7 37. Bg6 Bd4 38. Kg4 Bf2 39. Kf3 Be1 40. h5 c5 41.
g4 Bd2 42. Ke4 Bc1 43. Bf5 Bd2 44. Bc8 Bc1 45. Kf5 Bd2 46. Bb7 Bc1 47. Bd5 Bd2
48. Ke4 1/2-1/2

[Event "43rd OKU 2016"]
[Site "Utrecht NED"]
[Date "2016.06.04"]
[Round "3.6"]
[White "Beerdsen, Thomas"]
[Black "Van Randtwijk, Mick"]
[Result "1-0"]
[WhiteTitle "FM"]
[WhiteElo "2396"]
[BlackElo "1983"]
[WhiteFideId "1030108"]
[BlackFideId "1047248"]
[EventDate "2016.06.03"]

1. b3 Nf6 2. Bb2 e6 3. c4 Be7 4. Nf3 O-O 5. e3 b6 6. Be2 Bb7 7. O-O d5 8. Nc3 c5
9. cxd5 Nxd5 10. Nxd5 Qxd5 11. Qc2 Nc6 12. Rac1 Nb4 13. Qb1 Qh5 14. d4 Bd6 15.
h3 cxd4 16. Nxd4 Qg6 17. Qxg6 hxg6 18. Nb5 Bc5 19. a3 Nd5 20. b4 Be7 21. Nc7
Rac8 22. Bf3 Bf6 23. Bxf6 gxf6 24. Bxd5 exd5 25. Rfd1 Rfd8 26. Nb5 a6 27. Rxc8
Bxc8 28. Nc3 Bb7 29. Na4 Rd6 30. Rc1 Rc6 31. Rxc6 Bxc6 32. Nxb6 Kf8 33. h4 Ke7
34. g4 Kf8 35. Kf1 Kg7 36. Ke2 g5 37. hxg5 fxg5 38. Kd3 Kf6 39. Kd4 Ke6 40. Kc5
Bb7 41. Na4 Ke5 42. f3 d4 43. exd4+ Kf4 44. d5 Bxd5 45. Kxd5 Kxf3 46. Nc5 Kxg4
47. Ke4 f5+ 48. Ke5 f4 49. Ne4 f3 50. a4 Kh4 51. b5 axb5 52. axb5 g4 53. Kf4 Kh3
54. b6 Kh2 55. Kxg4 1-0

[Event "43rd OKU 2016"]
[Site "Utrecht NED"]
[Date "2016.06.04"]
[Round "3.7"]
[White "Ondersteijn, Niels"]
[Black "Tikranian, Alik"]
[Result "0-1"]
[WhiteTitle "FM"]
[WhiteElo "2391"]
[BlackElo "2120"]
[WhiteFideId "1011162"]
[BlackFideId "1040952"]
[EventDate "2016.06.03"]

1. d4 d5 2. c4 c6 3. Nf3 Nf6 4. Qc2 g6 5. Bf4 Bg7 6. e3 Bf5 7. Qb3 Qb6 8. Nc3
dxc4 9. Bxc4 Qxb3 10. Bxb3 Nbd7 11. h3 h6 12. Nd2 g5 13. Bh2 Nb6 14. e4 Bg6 15.
a4 a5 16. O-O O-O 17. Rfe1 Nfd7 18. Nf3 c5 19. d5 Rac8 20. Rac1 c4 21. Bc2 Nc5
22. Be5 Rfd8 23. Bxg7 Kxg7 24. h4 e6 25. hxg5 hxg5 26. dxe6 Nxe6 27. Rcd1 Bh5
28. Rxd8 Rxd8 29. Rd1 Bxf3 30. Rxd8 Nxd8 31. gxf3 Kf6 32. Kg2 Ke5 33. Kg3 Ne6
34. Kg4 f6 35. Bd1 Nc5 36. Kg3 Kd4 37. Bc2 Ke5 38. Bd1 Nd3 39. b3 cxb3 40. Bxb3
Nc5 41. Bd5 Ncxa4 42. Nxa4 Nxa4 43. Bxb7 Nc3 0-1

[Event "43rd OKU 2016"]
[Site "Utrecht NED"]
[Date "2016.06.04"]
[Round "3.8"]
[White "Colijn, Stefan"]
[Black "De Boer, Eelke"]
[Result "0-1"]
[WhiteTitle "FM"]
[WhiteElo "2305"]
[BlackElo "2168"]
[WhiteFideId "1016199"]
[BlackFideId "1048120"]
[EventDate "2016.06.03"]

1. d4 e6 2. c4 f5 3. g4 fxg4 4. h3 Qh4 5. Bf4 Bd6 6. Qd2 Ne7 7. Bg5 Qh5 8. c5 h6
9. Be3 Qd5 10. f3 Bg3+ 11. Kd1 gxf3 12. Nxf3 Qh5 13. Nc3 O-O 14. Rg1 Nf5 15.
Bxh6 Bf2 16. Rg2 Qxh6 17. Qxh6 Nxh6 18. Rxf2 Nf5 19. Ke1 Nc6 20. Rd1 b6 21. cxb6
axb6 22. Bg2 Bb7 23. a3 Na5 24. Bh1 Bc6 25. Rh2 Nc4 26. Ne5 Nxb2 27. Rb1 Rxa3
28. Bxc6 dxc6 29. Rxb2 Rxc3 30. Kd2 Ra3 31. Nxc6 Nxd4 32. Nxd4 Rd8 33. Rb4 e5
34. Rg2 Rxd4+ 35. Rxd4 exd4 36. Rg6 Rxh3 37. Rc6 Rc3 0-1

[Event "43rd OKU 2016"]
[Site "Utrecht NED"]
[Date "2016.06.04"]
[Round "4.1"]
[White "Beerdsen, Thomas"]
[Black "Van Foreest, Jorden"]
[Result "0-1"]
[WhiteTitle "FM"]
[BlackTitle "GM"]
[WhiteElo "2396"]
[BlackElo "2578"]
[WhiteFideId "1030108"]
[BlackFideId "1039784"]
[EventDate "2016.06.03"]

1. e4 e5 2. Nf3 Nc6 3. Bb5 a6 4. Ba4 g6 5. c3 d6 6. d4 Bd7 7. O-O Bg7 8. Re1 Nf6
9. dxe5 Nxe5 10. Nxe5 dxe5 11. Bxd7+ Qxd7 12. Qxd7+ Kxd7 13. Nd2 Ne8 14. c4 a5
15. b3 f6 16. Bb2 Bf8 17. Rad1 Ke6 18. f4 exf4 19. e5 Bc5+ 20. Kh1 f5 21. Nf3 h6
22. Rd5 Be3 23. Red1 Rh7 24. Rd8 Rxd8 25. Rxd8 Re7 26. Ba3 c5 27. Rc8 Nc7 28.
Rd8 Kf7 29. Rd6 Ne6 30. Bb2 g5 31. h3 Rc7 32. Bc3 Ke7 33. Bxa5 Rd7 34. Rd5 Nf8
35. Bb6 Ke6 36. Bxc5 Bxc5 37. Rxc5 Rd1+ 38. Kh2 g4 39. hxg4 fxg4 40. Rd5 Rxd5
41. cxd5+ Kxd5 42. Ne1 Ne6 43. b4 Kxe5 44. a4 Kd4 45. b5 b6 46. Kg1 Nc5 47. Kf2
Nxa4 48. g3 f3 49. Nc2+ Kc5 50. Ne3 h5 51. Nf5 Nc3 52. Ng7 Ne4+ 53. Ke3 Nxg3 0-1

[Event "43rd OKU 2016"]
[Site "Utrecht NED"]
[Date "2016.06.04"]
[Round "4.2"]
[White "Tikranian, Alik"]
[Black "Horvath, Csaba"]
[Result "1/2-1/2"]
[BlackTitle "GM"]
[WhiteElo "2120"]
[BlackElo "2522"]
[WhiteFideId "1040952"]
[BlackFideId "700118"]
[EventDate "2016.06.03"]

1. Nf3 Nf6 2. c4 b6 3. g3 Bb7 4. Bg2 e6 5. b3 Be7 6. O-O O-O 7. Bb2 c5 8. Nc3 d6
9. d4 cxd4 10. Nxd4 Bxg2 11. Kxg2 Qc7 12. e4 Qb7 13. Qe2 Nbd7 14. Rad1 a6 15.
Rfe1 Rfe8 16. h3 Bf8 17. Kh2 g6 18. Nc2 Rac8 19. f4 b5 20. e5 dxe5 21. fxe5 Nh5
22. g4 Ng7 23. Ne4 Red8 24. cxb5 Qxb5 25. Rxd7 Rxd7 26. Nf6+ Kh8 27. Nxd7 Qxd7
28. Ne3 Rc6 1/2-1/2